Canadian journal of Latin American and Caribbean studies
| Título anterior: | Northsouth |
|---|---|
| Autores Corporativos: | , |
| Formato: | Electrónico Revista |
| Lenguaje: | inglés francés español |
| Publicado: |
[Abingdon, Oxon], UK :
Routledge, Taylor & Francis Group
|
| Materias: | |
| Acceso en línea: | Full text available from PRISMA Database with HAPI Index: 01/01/1998 to 01/31/2012 Full text available from Research Library: 04/01/1998 to 10/31/2012 |
MARC
| LEADER | 00000nas a2200000 i 4500 | ||
|---|---|---|---|
| 001 | ssj0014423 | ||
| 003 | WaSeSS | ||
| 005 | 20200512172242.0 | ||
| 006 | m d | ||
| 007 | cr n | ||
| 008 | 050614c19849999enktr p s o 0 a0eng | ||
| 010 | |a 2013273662 | ||
| 015 | |a GBB5I3049 |2 bnb | ||
| 022 | |a 2333-1461 |y 0826-3663 | ||
| 035 | |a (WaSeSS)ssj0014423 | ||
| 040 | |a OCLCS |b eng |e pn |c OCLCS |d TXJ |d CO3 |d OCLCQ |d OCLCE |d TXA |d OCLCO |d EYM |d OCLCO |d OCLCF |d DLC |d COO |d OCLCO |d COD |d OCL |d OCLCO |d OCL |d OCLCO |d OCLCQ |d DLC |d NZAUC |d YNG |d UEJ |d NLE |d AU@ |d CNTRU |d VT2 |d OCL |d DLC |d WaSeSS | ||
| 041 | 0 | |a eng |a fre |a spa | |
| 042 | |a pcc |a nsdp | ||
| 043 | |a cl----- |a n-cn--- | ||
| 050 | 0 | 0 | |a F1401 |
| 082 | 0 | 4 | |a 980/.005 |2 19 |
| 082 | 1 | 0 | |a 980 |2 23 |
| 222 | 0 | |a Canadian journal of Latin American and Caribbean studies |b (Online) | |
| 245 | 0 | 0 | |a Canadian journal of Latin American and Caribbean studies |h [electronic resource]. |
| 246 | 1 | 1 | |a Revue canadienne des études latino-américaines et caraïbes |
| 246 | 1 | |a NS | |
| 246 | 1 | |a CJLACS/RCELAC | |
| 246 | 1 | |a CJLACS | |
| 260 | 3 | |3 <2014-> : |a [Abingdon, Oxon], UK : |b Routledge, Taylor & Francis Group | |
| 310 | |a Three issues a year, |b 2014- | ||
| 321 | |a Semiannual, |b 1984-2013 | ||
| 362 | 1 | |a Began with Vol. 9, issue 17 (1984). | |
| 500 | |a At head of title: NS. | ||
| 506 | |a License restrictions may limit access. | ||
| 515 | |a Some issues combined. | ||
| 515 | |a Whole numbering ceased after v. 37, issue 74 (2012). | ||
| 546 | |a Includes some text in French, and Spanish. | ||
| 550 | |a Issued by: Canadian Association for Latin American and Caribbean Studies, <2007-> | ||
| 588 | |a Description based on: Vol. 9, issue 17 (1984); title from PDF cover (JSTOR, viewed July 19, 2013). | ||
| 588 | |a Latest issue consulted: Vol. 43, issue 1 (2018) (Taylor & Francis Online, viewed Mar. 21, 2018). | ||
| 650 | 7 | |a AMERICA LATINA |x ESTUDIOS |x PUBLICACIONES PERIODICAS. |2 renib | |
| 651 | 0 | |a Latin America |v Periodicals. | |
| 651 | 0 | |a Caribbean Area |v Periodicals. | |
| 651 | 6 | |a Amérique latine |v Périodiques. | |
| 651 | 6 | |a Caraïbes, Région des |v Périodiques. | |
| 651 | 7 | |a Caribbean Area |2 fast |0 (OCoLC)fst01244080 | |
| 651 | 7 | |a Latin America |2 fast |0 (OCoLC)fst01245945 | |
| 653 | 1 | |a Social conditions. | |
| 653 | 1 | |a South America. | |
| 653 | 1 | |a Central America. | |
| 653 | 1 | |a Caribbean region. | |
| 655 | 0 | |a Electronic journals. | |
| 710 | 2 | |a Canadian Association of Latin American and Caribbean Studies. | |
| 710 | 2 | |a Canadian Association for Latin American and Caribbean Studies. | |
| 776 | 0 | 8 | |i Print version: |t Canadian journal of Latin American and Caribbean studies |x 0826-3663 |w (DLC) 86648722 |w (OCoLC)11930339 |
| 780 | 0 | 0 | |t Northsouth |w (OCoLC)565014890 |
| 850 | |a DLC | ||
| 856 | 4 | 0 | |z Full text available from PRISMA Database with HAPI Index: 01/01/1998 to 01/31/2012 |u https://search.proquest.com/publication/9181 |
| 856 | 4 | 0 | |z Full text available from Research Library: 04/01/1998 to 10/31/2012 |u https://search.proquest.com/publication/26483 |